000 00483nam a2200145Ia 4500
008 100204s9999 xx 000 0 und d
082 _b20021
100 _aगर्दे उन्मेष वसंत
245 _aलॉर्ड साहेब
260 _bस्पर्श प्रकाशन . रत्नागिरी
_c1994
300 _a96
630 _aलॉर्ड साहेब
730 _aलॉर्ड साहेब
942 _cBOOK
999 _c464443
_d464440